Vainqueurs en Coupe du Monde de Biathlon depuis 2015-2016 - Statistics

General Stats
  • This quiz has been taken 31 times
  • The average score is 157 of 215
Answer Stats
Saison Lieu Date Spécialité Biathlète % Correct
2015-2016 Oestersund 05/12/2015 Sprint Martin Fourcade
100%
2015-2016 Oestersund 06/12/2015 Poursuite Martin Fourcade
100%
2015-2016 Hochfilzen 12/12/2015 Poursuite Martin Fourcade
100%
2015-2016 Ruhpolding 10/01/2016 Mass Start Martin Fourcade
100%
2015-2016 Ruhpolding 13/01/2016 Individuel Martin Fourcade
100%
2015-2016 Canmore 04/02/2016 Sprint Martin Fourcade
100%
2015-2016 Presque Isle 12/02/2016 Poursuite Martin Fourcade
100%
2016-2017 Oestersund 01/12/2016 Individuel Martin Fourcade
100%
2016-2017 Oestersund 03/12/2016 Sprint Martin Fourcade
100%
2016-2017 Pokljuka 09/12/2016 Sprint Martin Fourcade
100%
2016-2017 Pokljuka 10/12/2016 Poursuite Martin Fourcade
100%
2016-2017 Nove Mesto Na Morave 15/12/2016 Sprint Martin Fourcade
100%
2016-2017 Nove Mesto Na Morave 17/12/2016 Poursuite Martin Fourcade
100%
2016-2017 Nove Mesto Na Morave 18/12/2016 Mass Start Martin Fourcade
100%
2016-2017 Oberhof 07/01/2017 Poursuite Martin Fourcade
100%
2016-2017 Ruhpolding 13/01/2017 Sprint Martin Fourcade
100%
2016-2017 Ruhpolding 15/01/2017 Poursuite Martin Fourcade
100%
2016-2017 Pyeongchang 04/03/2017 Poursuite Martin Fourcade
100%
2016-2017 Kontiolahti 10/03/2017 Sprint Martin Fourcade
100%
2017-2018 Oestersund 03/12/2017 Poursuite Martin Fourcade
100%
2017-2018 Annecy-Le Grand Bornand 17/12/2017 Mass Start Martin Fourcade
100%
2017-2018 Oberhof 05/01/2018 Sprint Martin Fourcade
100%
2017-2018 Oberhof 06/01/2018 Poursuite Martin Fourcade
100%
2017-2018 Ruhpolding 10/01/2018 Individuel Martin Fourcade
100%
2017-2018 Antholz-Anterselva 21/01/2018 Mass Start Martin Fourcade
100%
2017-2018 Oslo Holmenkollen 17/03/2018 Poursuite Martin Fourcade
100%
2017-2018 Tyumen 22/03/2018 Sprint Martin Fourcade
100%
2017-2018 Tyumen 24/03/2018 Poursuite Martin Fourcade
100%
2018-2019 Pokljuka 06/12/2018 Individuel Martin Fourcade
100%
2018-2019 Hochfilzen 15/12/2018 Poursuite Martin Fourcade
100%
2019-2020 Oestersund 04/12/2019 Individuel Martin Fourcade
100%
2019-2020 Oberhof 09/01/2020 Sprint Martin Fourcade
100%
2019-2020 Oberhof 12/01/2020 Mass Start Martin Fourcade
100%
2019-2020 Ruhpolding 16/01/2020 Sprint Martin Fourcade
100%
2019-2020 Ruhpolding 19/01/2020 Poursuite Martin Fourcade
100%
2019-2020 Kontiolahti 14/03/2020 Poursuite Martin Fourcade
100%
2018-2019 Antholz-Anterselva 27/01/2019 Mass Start Quentin Fillon Maillet
85%
2018-2019 Soldier Hollow 16/02/2019 Poursuite Quentin Fillon Maillet
85%
2019-2020 Pokljuka 26/01/2020 Mass Start Quentin Fillon Maillet
85%
2020-2021 Hochfilzen 12/12/2020 Poursuite Quentin Fillon Maillet
85%
2020-2021 Nove Mesto Na Morave 11/03/2021 Sprint Quentin Fillon Maillet
85%
2020-2021 Nove Mesto Na Morave 13/03/2021 Poursuite Quentin Fillon Maillet
85%
2021-2022 Hochfilzen 11/12/2021 Poursuite Quentin Fillon Maillet
85%
2021-2022 Annecy-Le Grand Bornand 18/12/2021 Poursuite Quentin Fillon Maillet
85%
2021-2022 Oberhof 09/01/2022 Poursuite Quentin Fillon Maillet
85%
2021-2022 Ruhpolding 13/01/2022 Sprint Quentin Fillon Maillet
85%
2021-2022 Ruhpolding 16/01/2022 Poursuite Quentin Fillon Maillet
85%
2021-2022 Kontiolahti 05/03/2022 Sprint Quentin Fillon Maillet
85%
2021-2022 Kontiolahti 06/03/2022 Poursuite Quentin Fillon Maillet
85%
2021-2022 Otepaeae 10/03/2022 Sprint Quentin Fillon Maillet
85%
2024-2025 Oberhof 10/01/2025 Sprint Quentin Fillon Maillet
85%
2025-2026 Oestersund 07/12/2025 Poursuite Quentin Fillon Maillet
85%
2017-2018 Oestersund 02/12/2017 Sprint Tarjei Boe
85%
2020-2021 Kontiolahti 03/12/2020 Sprint Tarjei Boe
85%
2020-2021 Oberhof 17/01/2021 Mass Start Tarjei Boe
85%
2020-2021 Nove Mesto Na Morave 07/03/2021 Poursuite Tarjei Boe
85%
2023-2024 Hochfilzen 08/12/2023 Sprint Tarjei Boe
85%
2024-2025 Annecy-Le Grand Bornand 22/12/2024 Mass Start Tarjei Boe
85%
2024-2025 Antholz-Anterselva 24/01/2025 Sprint Tarjei Boe
85%
2021-2022 Annecy-Le Grand Bornand 19/12/2021 Mass Start Emilien Jacquelin
80%
2024-2025 Kontiolahti 06/12/2024 Sprint Emilien Jacquelin
80%
2024-2025 Nove Mesto Na Morave 06/03/2025 Sprint Emilien Jacquelin
80%
2023-2024 Soldier Hollow 09/03/2024 Sprint Eric Perrot
80%
2024-2025 Kontiolahti 08/12/2024 Mass Start Eric Perrot
80%
2024-2025 Pokljuka 15/03/2025 Mass Start Eric Perrot
80%
2025-2026 Hochfilzen 13/12/2025 Poursuite Eric Perrot
80%
2015-2016 Ruhpolding 08/01/2016 Sprint Johannes Thingnes Boe
80%
2015-2016 Presque Isle 11/02/2016 Sprint Johannes Thingnes Boe
80%
2016-2017 Antholz-Anterselva 22/01/2017 Mass Start Johannes Thingnes Boe
80%
2017-2018 Oestersund 30/11/2017 Individuel Johannes Thingnes Boe
80%
2017-2018 Hochfilzen 08/12/2017 Sprint Johannes Thingnes Boe
80%
2017-2018 Hochfilzen 09/12/2017 Poursuite Johannes Thingnes Boe
80%
2017-2018 Annecy-Le Grand Bornand 15/12/2017 Sprint Johannes Thingnes Boe
80%
2017-2018 Annecy-Le Grand Bornand 16/12/2017 Poursuite Johannes Thingnes Boe
80%
2017-2018 Ruhpolding 14/01/2018 Mass Start Johannes Thingnes Boe
80%
2017-2018 Antholz-Anterselva 19/01/2018 Sprint Johannes Thingnes Boe
80%
2017-2018 Antholz-Anterselva 20/01/2018 Poursuite Johannes Thingnes Boe
80%
2018-2019 Pokljuka 07/12/2018 Sprint Johannes Thingnes Boe
80%
2018-2019 Pokljuka 09/12/2018 Poursuite Johannes Thingnes Boe
80%
2018-2019 Hochfilzen 14/12/2018 Sprint Johannes Thingnes Boe
80%
2018-2019 Nove Mesto Na Morave 20/12/2018 Sprint Johannes Thingnes Boe
80%
2018-2019 Nove Mesto Na Morave 22/12/2018 Poursuite Johannes Thingnes Boe
80%
2018-2019 Nove Mesto Na Morave 23/12/2018 Mass Start Johannes Thingnes Boe
80%
2018-2019 Oberhof 12/01/2019 Poursuite Johannes Thingnes Boe
80%
2018-2019 Ruhpolding 17/01/2019 Sprint Johannes Thingnes Boe
80%
2018-2019 Ruhpolding 20/01/2019 Mass Start Johannes Thingnes Boe
80%
2018-2019 Antholz-Anterselva 25/01/2019 Sprint Johannes Thingnes Boe
80%
2018-2019 Antholz-Anterselva 26/01/2019 Poursuite Johannes Thingnes Boe
80%
2018-2019 Canmore 07/02/2019 Individuel Johannes Thingnes Boe
80%
2018-2019 Oslo Holmenkollen 22/03/2019 Sprint Johannes Thingnes Boe
80%
2018-2019 Oslo Holmenkollen 23/03/2019 Poursuite Johannes Thingnes Boe
80%
2018-2019 Oslo Holmenkollen 24/03/2019 Mass Start Johannes Thingnes Boe
80%
2019-2020 Oestersund 01/12/2019 Sprint Johannes Thingnes Boe
80%
2019-2020 Hochfilzen 13/12/2019 Sprint Johannes Thingnes Boe
80%
2019-2020 Hochfilzen 14/12/2019 Poursuite Johannes Thingnes Boe
80%
2019-2020 Annecy-Le Grand Bornand 21/12/2019 Poursuite Johannes Thingnes Boe
80%
2019-2020 Annecy-Le Grand Bornand 22/12/2019 Mass Start Johannes Thingnes Boe
80%
2019-2020 Pokljuka 23/01/2020 Individuel Johannes Thingnes Boe
80%
2019-2020 Nove Mesto Na Morave 06/03/2020 Sprint Johannes Thingnes Boe
80%
2019-2020 Nove Mesto Na Morave 08/03/2020 Mass Start Johannes Thingnes Boe
80%
2019-2020 Kontiolahti 12/03/2020 Sprint Johannes Thingnes Boe
80%
2020-2021 Kontiolahti 29/11/2020 Sprint Johannes Thingnes Boe
80%
2020-2021 Oberhof 08/01/2021 Sprint Johannes Thingnes Boe
80%
2020-2021 Oberhof 13/01/2021 Sprint Johannes Thingnes Boe
80%
2020-2021 Antholz-Anterselva 24/01/2021 Mass Start Johannes Thingnes Boe
80%
2021-2022 Annecy-Le Grand Bornand 17/12/2021 Sprint Johannes Thingnes Boe
80%
2022-2023 Kontiolahti 03/12/2022 Sprint Johannes Thingnes Boe
80%
2022-2023 Kontiolahti 04/12/2022 Poursuite Johannes Thingnes Boe
80%
2022-2023 Hochfilzen 09/12/2022 Sprint Johannes Thingnes Boe
80%
2022-2023 Hochfilzen 11/12/2022 Poursuite Johannes Thingnes Boe
80%
2022-2023 Annecy-Le Grand Bornand 15/12/2022 Sprint Johannes Thingnes Boe
80%
2022-2023 Pokljuka 06/01/2023 Sprint Johannes Thingnes Boe
80%
2022-2023 Pokljuka 07/01/2023 Poursuite Johannes Thingnes Boe
80%
2022-2023 Ruhpolding 11/01/2023 Individuel Johannes Thingnes Boe
80%
2022-2023 Ruhpolding 15/01/2023 Mass Start Johannes Thingnes Boe
80%
2022-2023 Antholz-Anterselva 20/01/2023 Sprint Johannes Thingnes Boe
80%
2022-2023 Antholz-Anterselva 21/01/2023 Poursuite Johannes Thingnes Boe
80%
2022-2023 Nove Mesto Na Morave 02/03/2023 Sprint Johannes Thingnes Boe
80%
2022-2023 Nove Mesto Na Morave 04/03/2023 Poursuite Johannes Thingnes Boe
80%
2022-2023 Oslo Holmenkollen 16/03/2023 Sprint Johannes Thingnes Boe
80%
2022-2023 Oslo Holmenkollen 18/03/2023 Poursuite Johannes Thingnes Boe
80%
2022-2023 Oslo Holmenkollen 19/03/2023 Mass Start Johannes Thingnes Boe
80%
2023-2024 Hochfilzen 09/12/2023 Poursuite Johannes Thingnes Boe
80%
2023-2024 Lenzerheide 16/12/2023 Poursuite Johannes Thingnes Boe
80%
2023-2024 Lenzerheide 17/12/2023 Mass Start Johannes Thingnes Boe
80%
2023-2024 Antholz-Anterselva 18/01/2024 Individuel Johannes Thingnes Boe
80%
2023-2024 Soldier Hollow 10/03/2024 Poursuite Johannes Thingnes Boe
80%
2023-2024 Canmore 15/03/2024 Sprint Johannes Thingnes Boe
80%
2023-2024 Canmore 16/03/2024 Poursuite Johannes Thingnes Boe
80%
2023-2024 Canmore 17/03/2024 Mass Start Johannes Thingnes Boe
80%
2024-2025 Hochfilzen 13/12/2024 Sprint Johannes Thingnes Boe
80%
2024-2025 Hochfilzen 14/12/2024 Poursuite Johannes Thingnes Boe
80%
2024-2025 Annecy-Le Grand Bornand 21/12/2024 Poursuite Johannes Thingnes Boe
80%
2024-2025 Oslo Holmenkollen 21/03/2025 Sprint Johannes Thingnes Boe
80%
2020-2021 Kontiolahti 05/12/2020 Poursuite Sebastian Samuelsson
80%
2021-2022 Oestersund 28/11/2021 Sprint Sebastian Samuelsson
80%
2021-2022 Oestersund 02/12/2021 Sprint Sebastian Samuelsson
80%
2023-2024 Oestersund 03/12/2023 Poursuite Sebastian Samuelsson
80%
2024-2025 Nove Mesto Na Morave 08/03/2025 Poursuite Sebastian Samuelsson
80%
2024-2025 Oslo Holmenkollen 23/03/2025 Mass Start Sebastian Samuelsson
80%
2024-2025 Ruhpolding 19/01/2025 Mass Start Tommaso Giacomel
80%
2025-2026 Hochfilzen 12/12/2025 Sprint Tommaso Giacomel
80%
2025-2026 Annecy-Le Grand Bornand 21/12/2025 Mass Start Tommaso Giacomel
80%
2022-2023 Kontiolahti 29/11/2022 Individuel Martin Ponsiluoma
75%
2020-2021 Kontiolahti 28/11/2020 Individuel Sturla Holm Laegreid
75%
2020-2021 Hochfilzen 17/12/2020 Sprint Sturla Holm Laegreid
75%
2020-2021 Hochfilzen 19/12/2020 Poursuite Sturla Holm Laegreid
75%
2020-2021 Oberhof 09/01/2021 Poursuite Sturla Holm Laegreid
75%
2020-2021 Oestersund 20/03/2021 Poursuite Sturla Holm Laegreid
75%
2021-2022 Oestersund 27/11/2021 Individuel Sturla Holm Laegreid
75%
2021-2022 Oslo Holmenkollen 18/03/2022 Sprint Sturla Holm Laegreid
75%
2022-2023 Annecy-Le Grand Bornand 17/12/2022 Poursuite Sturla Holm Laegreid
75%
2023-2024 Oslo Holmenkollen 01/03/2024 Individuel Sturla Holm Laegreid
75%
2023-2024 Oslo Holmenkollen 02/03/2024 Mass Start Sturla Holm Laegreid
75%
2024-2025 Oberhof 11/01/2025 Poursuite Sturla Holm Laegreid
75%
2024-2025 Antholz-Anterselva 26/01/2025 Poursuite Sturla Holm Laegreid
75%
2024-2025 Oslo Holmenkollen 22/03/2025 Poursuite Sturla Holm Laegreid
75%
2025-2026 Oestersund 03/12/2025 Individuel Johan-Olav Botn
70%
2025-2026 Oestersund 06/12/2025 Sprint Johan-Olav Botn
70%
2025-2026 Annecy-Le Grand Bornand 20/12/2025 Poursuite Johan-Olav Botn
70%
2020-2021 Hochfilzen 11/12/2020 Sprint Johannes Dale
65%
2022-2023 Annecy-Le Grand Bornand 18/12/2022 Mass Start Johannes Dale
65%
2023-2024 Ruhpolding 14/01/2024 Poursuite Johannes Dale
65%
2018-2019 Soldier Hollow 15/02/2019 Sprint Vetle Sjaastad Christiansen
65%
2021-2022 Oestersund 05/12/2021 Poursuite Vetle Sjaastad Christiansen
65%
2021-2022 Otepaeae 12/03/2022 Mass Start Vetle Sjaastad Christiansen
65%
2022-2023 Oestersund 12/03/2023 Mass Start Vetle Sjaastad Christiansen
65%
2023-2024 Ruhpolding 13/01/2024 Sprint Vetle Sjaastad Christiansen
65%
2023-2024 Antholz-Anterselva 21/01/2024 Mass Start Vetle Sjaastad Christiansen
65%
2025-2026 Annecy-Le Grand Bornand 19/12/2025 Sprint Vetle Sjaastad Christiansen
65%
2020-2021 Oestersund 19/03/2021 Sprint Lukas Hofer
60%
2015-2016 Ruhpolding 09/01/2016 Poursuite Simon Eder
60%
2015-2016 Antholz-Anterselva 23/01/2016 Poursuite Anton Shipulin
50%
2016-2017 Antholz-Anterselva 20/01/2017 Individuel Anton Shipulin
50%
2017-2018 Kontiolahti 08/03/2018 Sprint Anton Shipulin
50%
2023-2024 Oestersund 02/12/2023 Sprint Philipp Nawrath
50%
2020-2021 Nove Mesto Na Morave 06/03/2021 Sprint Simon Desthieux
50%
2020-2021 Oestersund 21/03/2021 Mass Start Simon Desthieux
50%
2015-2016 Hochfilzen 11/12/2015 Sprint Simon Schempp
50%
2015-2016 Pokljuka 17/12/2015 Sprint Simon Schempp
50%
2015-2016 Pokljuka 19/12/2015 Poursuite Simon Schempp
50%
2015-2016 Antholz-Anterselva 22/01/2016 Sprint Simon Schempp
50%
2015-2016 Khanty-Mansiysk 19/03/2016 Poursuite Simon Schempp
50%
2016-2017 Oberhof 08/01/2017 Mass Start Simon Schempp
50%
2016-2017 Kontiolahti 11/03/2017 Poursuite Arnd Peiffer
45%
2020-2021 Hochfilzen 20/12/2020 Mass Start Arnd Peiffer
45%
2019-2020 Annecy-Le Grand Bornand 19/12/2019 Sprint Benedikt Doll
45%
2021-2022 Antholz-Anterselva 22/01/2022 Mass Start Benedikt Doll
45%
2022-2023 Oestersund 09/03/2023 Individuel Benedikt Doll
45%
2023-2024 Lenzerheide 15/12/2023 Sprint Benedikt Doll
45%
2023-2024 Oberhof 05/01/2024 Sprint Benedikt Doll
45%
2015-2016 Ruhpolding 16/01/2016 Mass Start Erik Lesser
40%
2021-2022 Oslo Holmenkollen 19/03/2022 Poursuite Erik Lesser
40%
2024-2025 Pokljuka 13/03/2025 Individuel Jakov Fak
40%
2015-2016 Oestersund 02/12/2015 Individuel Ole Einar Bjoerndalen
30%
2021-2022 Oslo Holmenkollen 20/03/2022 Mass Start Sivert Guttorm Bakken
30%
2021-2022 Hochfilzen 10/12/2021 Sprint Johannes Kuehn
25%
2024-2025 Annecy-Le Grand Bornand 19/12/2024 Sprint Martin Uldal
25%
2018-2019 Oberhof 11/01/2019 Sprint Alexandr Loginov
20%
2020-2021 Antholz-Anterselva 22/01/2021 Individuel Alexandr Loginov
20%
2021-2022 Oberhof 07/01/2022 Sprint Alexandr Loginov
20%
2015-2016 Pokljuka 20/12/2015 Mass Start Jean Guillaume Beatrix
20%
2023-2024 Oestersund 26/11/2023 Individuel Roman Rees
20%
2015-2016 Canmore 06/02/2016 Mass Start Dominik Windisch
15%
2015-2016 Khanty-Mansiysk 17/03/2016 Sprint Julian Eberhard
15%
2016-2017 Oberhof 05/01/2017 Sprint Julian Eberhard
15%
2016-2017 Pyeongchang 03/03/2017 Sprint Julian Eberhard
15%
2017-2018 Kontiolahti 11/03/2018 Mass Start Julian Eberhard
15%
2016-2017 Oestersund 04/12/2016 Poursuite Anton Babikov
10%
2021-2022 Antholz-Anterselva 20/01/2022 Individuel Anton Babikov
10%
2017-2018 Tyumen 25/03/2018 Mass Start Maksim Tsvetkov
10%
2023-2024 Oberhof 06/01/2024 Poursuite Andre Stroemsheim
5%
2024-2025 Kontiolahti 03/12/2024 Individuel Andre Stroemsheim
5%
2017-2018 Oslo Holmenkollen 15/03/2018 Sprint Henrik L'Abee-Lund
5%
2024-2025 Ruhpolding 15/01/2025 Individuel Vebjoern Soerum
5%
No matching quizzes found
Score Distribution
Percent of People with Each Score
Percentile by Number Answered
Your Score History
You have not taken this quiz